书目信息 |
| 题名: |
水文地质勘查方法
|
|
| 作者: | 徐智彬 , 朱朝霞 主编 | |
| 分册: | ||
| 出版信息: | 武汉 中国地质大学出版社有限责任公司 2013.12 |
|
| 页数: | 322页 | |
| 开本: | 26cm | |
| 丛书名: | ||
| 单 册: | ||
| 中图分类: | P641.72 | |
| 科图分类: | ||
| 主题词: | 水文地质勘探--教材 , 水文地质勘探 | |
| 电子资源: | ||
| ISBN: | 978-7-5625-3237-8 | |
| 000 | 00981nam0 2200277 450 | |
| 001 | 006453367 | |
| 005 | 20140707105252.37 | |
| 010 | @a978-7-5625-3237-8@dCNY56.00 | |
| 100 | @a20140507d2013 em y0chiy0110 ea | |
| 101 | 0 | @achi |
| 102 | @aCN@b420000 | |
| 105 | @aak z 000yy | |
| 106 | @ar | |
| 200 | 1 | @a水文地质勘查方法@9shui wen di zhi kan cha fang fa@f徐智彬,朱朝霞主编 |
| 210 | @a武汉@c中国地质大学出版社有限责任公司@d2013.12 | |
| 215 | @a322页@c图@d26cm | |
| 300 | @a水文与工程地质专业系列教材 | |
| 330 | @a本书内容包括:绪论、水文地质勘查阶段、水文地质勘查技术手段经、水文地质勘查采样、水文地质勘查工程系统、水文地质勘查设计的编制、水文地质勘查工程的施工管理及原始地质编录等。 | |
| 333 | @a高校水文与工程地质类专业师生 | |
| 606 | 0 | @a水文地质勘探@j教材 |
| 606 | 0 | @a水文地质勘探 |
| 690 | @aP641.72@v5 | |
| 701 | 0 | @a徐智彬@9xu zhi bin@4主编 |
| 701 | 0 | @a朱朝霞@9zhu zhao xia@4主编 |
| 801 | 0 | @aCN@b人天书店@c20140507 |
| 905 | @b847414-16@dP641.72@e54@f3 | |
| 水文地质勘查方法/徐智彬,朱朝霞主编.-武汉:中国地质大学出版社有限责任公司,2013.12 |
| 322页:图;26cm |
| 水文与工程地质专业系列教材.-使用对象:高校水文与工程地质类专业师生 |
| ISBN 978-7-5625-3237-8:CNY56.00 |
| 本书内容包括:绪论、水文地质勘查阶段、水文地质勘查技术手段经、水文地质勘查采样、水文地质勘查工程系统、水文地质勘查设计的编制、水文地质勘查工程的施工管理及原始地质编录等。 |
| ● |
| 相关链接 |
|
|
|
|
正题名:水文地质勘查方法
索取号:P641.72/54
 
预约/预借
| 序号 | 登录号 | 条形码 | 馆藏地/架位号 | 状态 | 备注 |
| 1 | 847414 | 208474140 | 第二样本阅览室/ [索取号:P641.72/54] | 在馆 | |
| 2 | 847415 | 208474159 | 资源管理系资料室/ [索取号:P641.72/54] | 在馆 | |
| 3 | 847416 | 208474168 | 第三借阅区/ [索取号:P641.72/54] | 在馆 |